“Libros para niñas y libros para niños”: Presencia de estereotipos de género en una colección de libros para dibujar (Record no. 176035)
[ view plain ]
| 000 -CABECERA | |
|---|---|
| campo de control de longitud fija | 01907nab a2200337 a 4500 |
| 005 - FECHA Y HORA DE LA ÚLTIMA TRANSACCIÓN | |
| campo de control | 20210219162420.0 |
| 008 - ELEMENTOS DE LONGITUD FIJA--INFORMACIÓN GENERAL | |
| campo de control de longitud fija | 991125s1985 mx 000 0 spa u |
| 035 ## - NÚMERO DE CONTROL DEL SISTEMA | |
| Número de control de sistema | UPN01000203934 |
| 049 ## - COLECCIÓN | |
| Colección | ART-E |
| 100 1# - ASIENTO PRINCIPAL--NOMBRE PERSONAL | |
| Nombre de persona | Cabrera García Ochoa, Yolanda |
| 100 1# - ASIENTO PRINCIPAL--NOMBRE PERSONAL | |
| Filiación | yolanda.cabrera@uem.es |
| 100 1# - ASIENTO PRINCIPAL--NOMBRE PERSONAL | |
| Nombre de persona | Martínez Bello, Vladimir |
| 100 1# - ASIENTO PRINCIPAL--NOMBRE PERSONAL | |
| Filiación | vladimir.martinez@uv.es |
| 222 #0 - TÍTULO CLAVE | |
| Título clave | CUESTIONES DE GENERO : |
| Información calificativa | DE LA IGUALDAD Y LA DIFERENCIA |
| 245 00 - MENCIÓN DE TÍTULO | |
| Título | “Libros para niñas y libros para niños”: Presencia de estereotipos de género en una colección de libros para dibujar |
| 260 ## - PUBLICACIÓN, DISTRIBUCIÓN, ETC. | |
| Lugar de publicación, distribución, etc. | España |
| 300 ## - DESCRIPCIÓN FÍSICA | |
| Extensión | 184-217 |
| 362 0# - FECHAS DE PUBLICACIÓN Y/O DESIGNACIÓN SECUENCIAL | |
| Fecha de publicación y/o designación secuencial | 2014 No. 9 |
| 336 ## - TIPO DE CONTENIDO | |
| Término de tipo de contenido | texto$2rdacontent |
| 337 ## - TIPO DE MEDIO | |
| Nombre/término del tipo de medio | computadora$2rdamedia |
| 338 ## - TIPO DE SOPORTE | |
| Nombre/término del tipo de soporte | recurso en linea$2rdacarrier |
| 520 3# - NOTA DE RESUMEN, ETC. | |
| Sumario, etc. | Los aprendizajes que se producen a partir de las propuestas imaginarias y simbólicas en los materiales didácticos pueden contener elementos sexistas. El objetivo del estudio consiste en determinar, a través de un análisis de contenido, si la colección de libros para dibujar “Doodle para niñas” y “Doodle para niños” representa roles estereotipados de género en sus imágenes y en el texto escrito. Tanto a nivel de representación gráfica como escrita, ambos libros utilizan roles estereotipados sobre todo en detrimento de la mujer. Aunque el sistema educativo español señala hace años un modelo igualitario para eliminar la discriminación, los avances conseguidos desde un prisma constitucional y legal, van muy por delante de unos sistemas culturales y sociales que apenas han evolucionado. |
| 653 0# - TERMINO DE INDIZACION - NO CONTROLADO | |
| Término no controlado | LIBROS PARA COLOREAR |
| 653 0# - TERMINO DE INDIZACION - NO CONTROLADO | |
| Término no controlado | EDUCACION PRIMARIA |
| 653 0# - TERMINO DE INDIZACION - NO CONTROLADO | |
| Término no controlado | FAMILIA |
| 653 0# - TERMINO DE INDIZACION - NO CONTROLADO | |
| Término no controlado | MATERIAL DIDACTICO |
| 653 0# - TERMINO DE INDIZACION - NO CONTROLADO | |
| Término no controlado | SEXISMO |
| 856 4# - LOCALIZACIÓN Y ACCESO ELECTRÓNICOS | |
| Identificador Uniforme del Recurso | <a href="http://revpubli.unileon.es/ojs/index.php/cuestionesdegenero/article/view/1011/1026">http://revpubli.unileon.es/ojs/index.php/cuestionesdegenero/article/view/1011/1026</a> |
| 905 ## - TIPO DE MATERIAL | |
| Tipo de material | Articulo |
No items available.
